Taylor Swift mystery lyrics #22 - Statistics

General Stats
  • This quiz has been taken 94 times
    85 since last reset
  • The average score is 291 of 360
Answer Stats
Answer % Correct
I
98%
you
98%
You
98%
a
97%
it
94%
when
94%
it's
92%
It's
92%
me
92%
the
92%
The
92%
be
91%
do
91%
In
91%
in
91%
is
91%
love
91%
was
91%
my
89%
to
89%
and
88%
but
88%
But
88%
I'm
88%
on
88%
time
88%
your
88%
Your
88%
all
86%
go
86%
like
86%
of
86%
that
86%
what
86%
know
85%
this
85%
where
85%
why
85%
don't
83%
So
83%
did
82%
if
82%
If
82%
Would
82%
would
82%
can
80%
'cause
80%
just
80%
want
80%
can't
79%
for
79%
her
79%
she
79%
She
79%
at
77%
Betty
77%
ever
77%
only
77%
said
77%
think
77%
up
77%
about
76%
have
76%
says
76%
tell
76%
thing
76%
won't
76%
anything
74%
couldn't
74%
from
74%
fuck
74%
him
74%
one
74%
true
74%
Will
74%
will
74%
believe
73%
dream
73%
friends
73%
home
73%
last
73%
make
73%
miss
73%
myself
73%
Or
73%
see
73%
went
73%
wrong
73%
get
71%
kiss
71%
party
71%
showed
71%
times
71%
with
71%
Yeah
71%
assumptions
70%
breathe
70%
face
70%
hate
70%
Inez
70%
now
70%
summer
70%
told
70%
worst
70%
17
68%
garden
68%
heard
68%
most
68%
rumors
68%
saw
68%
stupid
68%
Those
68%
word
68%
again
67%
homeroom
67%
into
67%
nights
67%
riding
67%
car
65%
dance
65%
front
65%
house
65%
lead
65%
trust
65%
long
64%
passed
64%
playing
64%
side
64%
skateboard
64%
days
62%
dreamt
62%
favorite
62%
James
62%
out
62%
porch
62%
song
62%
thinking
62%
turned
62%
walking
62%
broken
61%
gym
61%
here
61%
let's
61%
pulled
61%
switched
61%
cardigan
59%
drive
59%
far
59%
intentions
59%
wanna
59%
Kissin'
58%
slept
58%
crowds
56%
dreamed
56%
finally
56%
happens
56%
next
56%
Plus
56%
right
56%
cobblestones
55%
doorstep
55%
Standing
55%
figment
53%
found
53%
nowhere
53%
patch
53%
weeks
53%
wings
53%
sinkin'
52%
streetlight
52%
planned
50%
Stopped
50%
No matching quizzes found
Score Distribution
Percent of People with Each Score
Percentile by Number Answered
Your Score History
You have not taken this quiz since the last reset